Statistics for 2018 World XI

Click here to take the quiz!

General Stats

  • This quiz has been taken 11 times
  • The average score is 10 of 11

Answer Stats

Hint Answer % Correct
GoalkeeperDe Gea
100%
DefenderRamos
100%
MidfieldKante
100%
AttackerMessi
100%
AttackerRonaldo
100%
DefenderAlves
90%
DefenderMarcelo
90%
MidfieldModric
90%
AttackerMbappe
90%
DefenderVarane
80%
MidfieldHazard
80%

Score Distribution

Percentile by Number Answered

Percent of People with Each Score

Your Score History

You have not taken this quiz